000 00624nam a22001817a 4500
003 0
005 20251114114913.0
008 251114b xxu||||| |||| 00| 0 eng d
020 _a1-58663-835-1
050 _aPG 3328.Z6
_b.B35 2003
100 _aBaldwin, Stanley P.,
_eauthor.
245 _aFyodor Dostoevsky :
_bhis life and works /
_cStanley P. Baldwin.
260 _aNew York, NY :
_bSpark Publishing,
_c2003.
300 _aix, 228 pages :
_billustrations ;
_c21 cm.
504 _aIncludes bibliographical references and index.
600 _aDostoevsky, Fyodor, 1821-1881
_xCriticism and interpretation.
942 _2lcc
_cBK
999 _c368644
_d368644